000 00955cam a22002891 4500
001 4061
003 BD-RjUL
005 20211208233827.0
008 131221s1966 nyua b 000 0 eng d
035 _a(BD-RjUL) 4095
035 _a(OCoLC)231543
040 _aDLC
_cODaWU
_dOCoLC
_dOAU
_dDLC
_d(BD-RjUL)
_beng
041 _aeng
082 _a338.973
_bGRP
100 1 _aGrunewald, Donald,
_912914
245 1 0 _aPublic policy and the modern corporation :
_bselected readings /
_c[edited by] Donald Grunewald [and] Henry L. Bass.
260 _aNew York,
_bAppleton-Century-Crofts
_c[1966]
300 _aix, 380 p.
_billus. ;
_c24 cm.
504 _aBibliographical footnotes.
650 0 _aAntitrust law.
_zUnited States.
_912915
650 0 _aCorporation law
_zUnited States.
_912916
650 0 _aCorporations
_zUnited States.
_97932
700 1 _aBass, Henry L.,
_ejoint ed.
_912917
942 _2ddc
_cBK
999 _c4061
_d4061